000 00400cam a2200169 4500
001 D12938
008 090401t1938 xxu||||| |||| 00| 0 eng d
035 _a(Sirsi) u6744
041 _aeng
100 _aHeap, Desmond
_cSir
_d1907-1998
245 _aPlanning law for town and country
260 _bSweet & Maxwell
_c1938
350 _a0
520 _aShelf 182
942 _n0
948 _c04/03/1997
999 _c86342
_d86342